| 000 | 00429cam a2200169ua 4500 | ||
|---|---|---|---|
| 041 |
_aeng _h |
||
| 082 |
_a828.09 _bWAR/CA |
||
| 100 | _aWord, A W. | ||
| 245 |
_aCambridge history of english literature-2 / _cA W Word. _hTextual Documents |
||
| 250 |
_a1 / _b. |
||
| 260 |
_aCambridge : _bCambridge University Press , _c1963. |
||
| 300 | _a397 ; . | ||
| 504 | _a | ||
| 942 | _cBK | ||
| 999 |
_c5500 _d5500 |
||